Study on the Distribution and Metabolism of 82Br-Labelled Dibromomannitol (DBM) in Normal and Tumor-bearing Rats

Bibliographic Details
Main Authors: Csányi, E. (Author), Institóris, L. (Author), Horváth, I. P. (Author)
Format: Article
Language:English

MARC

LEADER 00000nab a2200000ua 4500
001 vtls010826867
003 SK-MaSNL
005 20260303183018.0
008 230222s1964 xo |||||||||||||||||eng|
035 |a (urnnbn)urn:nbn:sk:snk:ar-a06avv 
035 |a urn:nbn:sk:snk-ab5stm 
035 |a (uuid)da7735ef-bf4e-44f4-9bf1-eb410e135fa1 
040 |a SNKBUCL  |b slo  |c SNKBUCL  |e AACR2 
041 0 |a eng 
044 |a xo  |c SK 
100 1 |a Csányi, E.  |4 aut  |9 1166873 
245 1 0 |a Study on the Distribution and Metabolism of 82Br-Labelled Dibromomannitol (DBM) in Normal and Tumor-bearing Rats  |c E. Csányi, L. Institóris, I. P. Horváth 
700 1 |a Institóris, L.  |4 aut  |9 1159532 
700 1 |a Horváth, I. P.  |4 aut  |9 1211721 
773 0 |t Neoplasma : journal of experimental and clinical oncology  |g Roč. 11, č. 3 (1964), s. 245-255 
958 |a OND 
958 |a EUIPO 
958 |a article5 
999 |c 2119021  |d 2120951